Statistics for England National Football Team Managers

Click here to take the quiz!

General Stats

  • This quiz has been taken 3,497 times
    (1,398 since last reset)
  • The average score is 12 of 19

Answer Stats

HintAnswer% Correct
2016-Gareth Southgate
96%
2012-2016Roy Hodgson
84%
2001-06Sven-Goran Eriksson
84%
2008-12Fabio Capello
83%
2016Sam Allardyce
82%
1982-90Bobby Robson
76%
1996-99Glen Hoddle
73%
1963-74Sir Alf Ramsey
73%
1999-2000Kevin Keegan
66%
1994-96Terry Venables
65%
1990-93Graham Taylor
62%
2000*Peter Taylor
60%
2006-07Steve McClaren
59%
1974-77Don Revie
47%
2012*Stuart Pearce
40%
1977-82Ron Greenwood
39%
1946-62Walter Winterbottom
36%
1999-2000*Howard Wilkinson
24%
1974Joe Mercer
17%

Score Distribution

Percentile by Number Answered

Percent of People with Each Score

Your Score History

You have not taken this quiz since the last reset